000 00434nam a2200181Ia 4500
008 090124s9999 xx 000 0 und d
082 _b7505
100 _aशहा मनीषा
245 _a रुसवा
250 _a0
260 _c1974
300 _a111
600 _aशहा मनीषा
630 _a रुसवा
700 _aशहा मनीषा
730 _a रुसवा
942 _cBOOK
999 _c85328
_d85328